000 00340nam a22001457a 4500
020 _a81-89999-78-8
082 _a823
_bPAI/F
100 _aPAI, ANANT
245 _aTHE FOOL'S DESCIPLINE
260 _aMUMBAI
_bAMAR CHITHRA KATHA
300 _a30
520 _aENGLISH SHORT STORIES
650 _aENGLISH SHORT STORIES
_zMUMBAI
942 _cBK
999 _c5219
_d5219